6 Most Famous Cities in Guyana on a Map - Statistics

General Stats
  • This quiz has been taken 91 times
  • The average score is 3 of 6
Answers on the Map
Answers color-coded by a green-red scale on the quiz's map according to % correct below.
 
Answer Stats
Wiki Monthly Views Cityquiz Mention Rate Population Answers % Correct
39.72K 28.66% 118.37K Georgetown
100%
2.36K 4.22% 15.37K New Amsterdam
65%
2.37K 1.15% 28.67K Linden
47%
0.99K 0.24% 8.00K Bartica
25%
1.83K 0.30% 1.70K Lethem
25%
2.37K - 1.15K Port Kaituma
16%
No matching quizzes found
Score Distribution
Percent of People with Each Score
Percentile by Number Answered
Your Score History
You have not taken this quiz